Á lódáil...
Industrial microbiology /
| Príomhúdar: | |
|---|---|
| Formáid: | Printed Book |
| Teanga: | English |
| Foilsithe: |
New Delhi :
CBS
c2016.
|
| Ábhair: |
| LEADER | 00544nam a22001577a 4500 | ||
|---|---|---|---|
| 008 | 190927b ||||| |||| 00| 0 eng d | ||
| 999 | |c 343864 |d 343864 | ||
| 020 | |a 9788123928630 | ||
| 082 | |a 660.62 | ||
| 100 | |a Benson, K. L. | ||
| 245 | |a Industrial microbiology / |c K L Benson | ||
| 260 | |a New Delhi : |b CBS |c c2016. | ||
| 300 | |a 673 p. | ||
| 653 | |a Industrial microbiology | ||
| 942 | |c BK | ||
| 952 | |0 0 |1 0 |2 ddc |4 0 |6 660_620000000000000_BEN_I |7 0 |9 395146 |a LIF |b LIF |c ST1 |d 2019-10-02 |e Bookshop / Penta Books |g 521.25 |i 2851 |l 0 |o 660.62 BEN/I |p LIF2851 |r 2019-09-27 |y BK | ||